00458nam a2200181Ia 4500008004100000020001800041050001400059100001900073245003600092245004900128260001500177260001600192260000900208300001400217300002700231300001000258500000800268170918s9999 xx 000 0 und d a9780439755399 bD716 2000 aDorros, Arthur 4aThe fungus that ate my school / cArthur Dorros ; illustrated by David Catrow. aNew York : bScholastic, c2000 aunpaged : bcolored illustration ; c26cm. a260